Instituciones prácticas o Curso elemental completo de práctica forense / (Record no. 163731)

MARC details
000 -LEADER
campo de control de longitud fija 00721nam a22001935i 4500
001 - NÚMERO DE CONTROL
campo de control 163731
003 - IDENTIFICADOR DE NÚMERO DE CONTROL
campo de control ES-MaACL
005 - FECHA Y HORA DE LA ÚLTIMA TRANSACCIÓN
campo de control 20250806060946.0
008 - DATOS DE LONGITUD FIJA--INFORMACIÓN GENERAL
campo de control de longitud fija 991028m18421843sp |||| | spa d
040 ## - FUENTE DE CATALOGACIÓN
Centro catalogador/agencia de origen M-RAJU
Lengua de catalogación spa
Centro/agencia transcriptor M-RAJU
Centro/agencia modificador CCPB | B
100 1# - ENTRADA PRINCIPAL--NOMBRE DE PERSONA
Nombre de persona Rodríguez, Juan María.
9 (RLIN) 131971
245 10 - MENCIÓN DEL TÍTULO
Título Instituciones prácticas o Curso elemental completo de práctica forense /
Mención de responsabilidad, etc. por Juan María Rodríguez.
260 ## - PUBLICACIÓN, DISTRIBUCIÓN, ETC.
Lugar de publicación, distribución, etc. Sevilla :
Nombre del editor, distribuidor, etc. [s.n.],
Fecha de publicación, distribución, etc. 1842-1843 (
Fabricante Imprenta de El Sevillano)
300 ## - DESCRIPCIÓN FÍSICA
Extensión 2 v.(386;475 p.) ;
Dimensiones 21 cm.
650 #7 - PUNTO DE ACCESO ADICIONAL DE MATERIA--TÉRMINO DE MATERIA
Término de materia o nombre geográfico como elemento de entrada Medicina legal
Fuente del encabezamiento o término embne
9 (RLIN) 14928
740 0# - ENTRADA AGREGADA--TÍTULO RELACIONADO/ANALÍTICO NO CONTROLADO
Título relacionado o analítico no controlado Curso elemental completo de práctica forense.
852 ## - LOCALIZACIÓN
Ubicación ES-MaACL
Número de control de estantería C-2907-2908
Nota libre -- Enc. hol.
Holdings
Estatus retirado Estado de pérdida Estado de daño No para préstamo Colección Biblioteca de origen Biblioteca actual Ubicación en estantería Fecha de adquisición Fuente de adquisición Total de préstamos Signatura topográfica completa Código de barras Visto por última vez Precio de reemplazo Tipo de ítem Koha
        Libros del s. XIX Biblioteca del Ateneo de Madrid Biblioteca del Ateneo de Madrid Sala Palomar 17/01/2008     C-2907-2908 1171583 23/02/2023 23/02/2023 Libro impreso antiguo